LEADER 01162nam0-2200337---450- 001 990009577410403321 005 20130215131823.0 010 $a978-3-89500-665-4 035 $a000957741 035 $aFED01000957741 035 $a(Aleph)000957741FED01 035 $a000957741 100 $a20120522d2008----km-y0itay50------ba 101 1 $ager$amul 102 $aDE 105 $aabf-----101yy 200 1 $aStadtverkehr in der Antiken Welt$eInternationales Kolloquium zur 175-Jahrfeier der Deutschen Archaölogischen Instituts, Rom 21. bis 23. April 2004$fherausgegeben von Dieter Mertens 210 $aWiesbaden$cReichert$d2008 215 $a237 p.$cill.$d30 cm 225 1 $aPalilia$v18 610 0 $aViabilità$aAntichità 676 $a388.1093$v22$zita 702 1$aMertens,$bDieter$f<1941- > 712 12$aInternationales Kolloquium zur 175-Jahrfeier des Deutschen archäologischen instituts$f<2004 ;$eRom> 801 0$aIT$bUNINA$gRICA$2UNIMARC 901 $aBK 912 $a990009577410403321 952 $a930.1 PALILIA 18$bDip.dis.stor. 13146$fFLFBC 959 $aFLFBC 996 $aStadtverkehr in der Antiken Welt$9846844 997 $aUNINA LEADER 01260nam--2200409---4500 001 990000596670203316 005 20051215100858.0 035 $a0059667 035 $aUSA010059667 035 $a(ALEPH)000059667USA01 035 $a0059667 100 $a20010828d1984----km-y0ENGy0103----ba 101 $aita 102 $aIT 200 1 $aBohigas, Martorell, Mackay$e30 anni di architettura 1954-1984$fKenneth Frampton$ga cura di Adolf Martinez 210 $aMilano$cElecta$dc1984 215 $a151 p.$cill.$d24 cm 225 2 $aArchitettura$iI contemporanei 410 $12001$aArchitettura$iI contemporanei 606 $aBohigas, Oriol 606 $aMartorell, Josep 606 $aMackay, David 606 $aArchitettura catalana$z1954-1984 676 $a720.23 700 1$aFRAMPTON,$bKenneth$0806 702 1$aMARTINEZ,$bAdolf 801 0$aIT$bsalbc$gISBD 912 $a990000596670203316 951 $aXII.2.C. 432(VII A COLL.76/1)$b94595 LM$cVII A COLL. 959 $aBK 969 $aUMA 979 $aPATRY$b90$c20010828$lUSA01$h1757 979 $c20020403$lUSA01$h1709 979 $aPATRY$b90$c20040406$lUSA01$h1641 979 $aCOPAT5$b90$c20051215$lUSA01$h1008 996 $aBohigas, Martorell, Mackay$9712129 997 $aUNISA